000 00348nam a2200145Ia 4500
008 150201s1994 xx 000 0 und d
082 _a617.525
_bC1994K
100 _aKOERNER KAREL
245 _aCOLOR ATLAS OF MINOR ORAL SURGERY
250 _a1ST
260 _bMOSBY
_aDELHI
_c1994
300 _a1-348
650 _aORAL SURGERY
942 _2ddc
_cBK
999 _c3839
_d3839